000 00420nam a22001817a 4500
003 MPLRDC
005 20220104114530.0
008 210129b ||||| |||| 00| 0 eng d
020 _a7-5065-1182-7
082 _a857.7 CHC
100 _a崔洪昌
245 _a血战丛林
_c
250 _a一版一刷
260 _a
_b解放军出版社
_c1990
300 _b
650 _a长篇小说
942 _cBK
_o857.7 CHC
999 _c8213
_d8203